Sports Quiz

Random Sports or Grab Bag Quiz

NFL Grab Bag Quiz Stats

 Plays Quiz Updated Feb 17, 2021

Support Sporcle.
Go Orange.
Score 0/59 Timer 06:00
1 Play Today
% Correct
New England Patriots
94%
New England Patriots
94%
New England Patriots
94%
Miami Dolphins
90.7%
Tom Brady
90.6%
Peyton Manning
89.6%
Pittsburgh Steelers
89.2%
Peyton Manning
88.8%
Dallas Cowboys
85.5%
Eli Manning
84.6%
Tom Brady
83.5%
Brett Favre
79.4%
Brett Favre
79.4%
San Francisco 49ers
78.2%
Dan Marino
77.8%
Chris Johnson
77.1%
Aaron Rodgers
75.8%
Drew Brees
72.5%
Adrian Peterson
71.1%
Detroit Lions
68%
Cleveland Browns
66.6%
Derrick Henry
66.5%
Joe Montana
63.8%
Barry Sanders
60.4%
Michael Strahan
58%
Eric Dickerson
56.4%
John Elway
54.4%
O.J. Simpson
54.1%
Jamal Lewis
51.2%
Aaron Rodgers
50.8%
% Correct
Tampa Bay Buccaneers
49.5%
Reggie White
48.1%
Steve Young
46.7%
Philip Rivers
44.9%
Bill Parcells
43.8%
J.J. Watt
39.9%
Andy Reid
39.5%
Ben Roethlisberger
38.3%
Lawrence Taylor
37.2%
Jared Allen
35.2%
Aaron Donald
31.5%
Matt Ryan
31.5%
Terrell Davis
31.3%
Marcus Allen
30.7%
Don Shula
27%
Desmond Howard
25.2%
Denver Broncos
24.7%
Mike Holmgren
22.1%
Kurt Warner
21%
DeMarcus Ware
19.8%
Derrick Thomas
18.1%
Roger Staubach
18%
Dick Vermeil
17.3%
John Fox
14.7%
Dan Reeves
13.7%
Mark Gastineau
13.2%
Justin Houston
13.2%
Jim Plunkett
8.6%
Chris Doleman
3.4%

From the Vault

'F' Logo Minefield

by Scimitar_2002

Did anyone else read it as 'Flogo'? That seems like a fun word.
Remove Ads.
Support Sporcle.
Get the best of Sporcle when you Go Orange. This ad-free experience offers more features, more stats, and more fun while also helping to support Sporcle. Thank you for becoming a member.

Show Comments

Extras

Top Quizzes Today


Score Distribution

Your Account Isn't Verified!

In order to create a playlist on Sporcle, you need to verify the email address you used during registration. Go to your Sporcle Settings to finish the process.

Report this User

Report this user for behavior that violates our Community Guidelines.

Details: